The artist of a brick-kiln / (Record no. 181864)

MARC details
000 -LEADER
fixed length control field 00649nam a22002057a 4500
005 - DATE AND TIME OF LATEST TRANSACTION
control field 20221017124858.0
010 ## - LCCN (DPL NO)
LC control number B-745992
020 ## - INTERNATIONAL STANDARD BOOK NUMBER
International Standard Book Number 9789391017033
Terms of availability 200.00
035 ## - SYSTEM CONTROL NUMBER
System control number B-745992
037 ## - SOURCE OF ACQUISITION
Source of stock number/acquisition Sahitya Akademi
082 ## - DEWEY DECIMAL CLASSIFICATION NUMBER
Classification number S
100 ## - MAIN ENTRY--PERSONAL NAME
Personal name Saraf, Gayatri
245 ## - TITLE STATEMENT
Title The artist of a brick-kiln /
Statement of responsibility, etc by Gayatri Saraf ; translated by Manoranjan Mishra
260 ## - PUBLICATION, DISTRIBUTION, ETC. (IMPRINT)
Place of publication, distribution, etc New Delhi
Name of publisher, distributor, etc Sahitya Akademi
Date of publication, distribution, etc 2021
270 ## - ADDRESS
Address Rabindra Bhavan, 35 Ferozshah Road
City New Delhi
Postal code 110001
300 ## - PHYSICAL DESCRIPTION
Extent 161p.
Dimensions 22cm(pbk)
700 ## - ADDED ENTRY--PERSONAL NAME
Personal name Mishra, Manoranjan
942 ## - ADDED ENTRY ELEMENTS (KOHA)
Source of classification or shelving scheme Dewey Decimal Classification
Item type English Books
Call number suffix SAR
Classification part S
Holdings
Withdrawn status Lost status Not for loan Collection code Home library Current library Date acquired Source of acquisition Cost, normal purchase price Full call number Barcode Copy number Cost, replacement price Koha item type
      Fiction Central Library Central Library 17/10/2022 GIft 200.00 S SAR B-745992 1 200.00 English Books

© Delhi Public Library
Hit Counter
free hit counter